01860nam a22003014aa4500003000800000005001700008008004100025040003000066041000800096044000700104082001800111100004400129245023000173260002500403300004300428500003600471502017400507520058900681650003001270653001901300653001501319653001001334653001601344700004701360942001501407999001701422952011901439BOFEUTO20260626154219.0260611t2025 bo gr 000 f spa d 6BOFEUTOaBOFEUTOcBOFEUTO aspa abo aTE6328bB425e aBeltrán Rivera, Jhoely Niuzetheautor aEvaluación de la sostenibilidad financiera de la Empresa Minera Huanuni frente a la deuda que mantiene la Empresa Metalúrgica Vinto, periodo 2007-2024 /cJhoely Niuzeth Beltrán Rivera, Rubén Vladimir Villarroel Rivera aOruro :bs/n,c2025. a205 hojas ;bilus, gráf. ;c28.5 cm. aIncluye bibliografía, anexos. aTesis Dirigida, (Licenciatura) -- Universidad Técnica de Oruro, Facultad de Ciencias Económicas, Financieras y Administrativas, Carrera Ingeniería Comercial, 2025. aLa presente investigación evalúa la sostenibilidad financiera de la Empresa Minera Huanuni frente a la deuda que mantiene la Empresa Metalúrgica Vinto, la misma distorsiona su estructura operativa en un sector minero volátil y estratégico para el desarrollo nacional. Por tanto, la investigación tiene por objetivo evaluar las dimensiones financieras para discernir su influencia en la sostenibilidad global de la Empresa Minera Huanuni, mientras se propone estrategias de gestión financiera para mitigar esta deuda y fortalecer la posición económica de la empresa.  aSostenibilidad Financiera aInvetigación aFinanciera aDeuda aEconómica aVillarroel Rivera, Rubén Vladimiretutor 2ddccTEn0 c16186d16186 00102ddc4070aUTObUTOc4d2026-06-11i6326l0oTE6328/B425epTE6328r2026-06-26 15:43:09tEj.1w2026-06-26yTE